000 00362 a2200157 4500
001 160548
020 _a
040 _cMagnum
100 _aRibeiro, Arlette
240 1 0 _aO palhacinho no jardim encantado
_lpor
245 1 0 _aO palhacinho no jardim encantado
362 0 _a1899
440 1 _aAo Livro Técnico
697 _aIJ/FADAS, FANTASIA
942 _cBK
999 _c160548
_d160548